| 000 | 00713nam a22001937a 4500 | ||
|---|---|---|---|
| 999 |
_c16279 _d16279 |
||
| 003 | AR-CdUCM | ||
| 008 | 190502b ||||| |||| 00| 0 spa d | ||
| 040 |
_aMUNICIPALIDAD PROVINCIAL DEL CUSCO _cBIBLIOTECA MUNICIPAL DEL CUSCO |
||
| 082 |
_a869.251 / _bG29 |
||
| 100 |
_aGuiraldes, Ricardo _912613 |
||
| 245 |
_aCuentos de muerte y su sangre : _baventuras grotescas trilogía cristiana / |
||
| 260 |
_aBuenos Aires : _bLosada, _c1952. |
||
| 300 |
_a130 páginas ; _c19 cm. |
||
| 505 | _aContenido: Cuentos de muerte y de sangre -- Antítesis -- Aventuras grotescas -- Triología cristiana. | ||
| 650 |
_aCuentos _9217 |
||
| 650 |
_aTrilogía cristiana _935631 |
||
| 942 |
_2ddc _cLIBROS |
||
| 945 |
_aacv _d2019-05-02 |
||